| 000 | 01273nam a2200313 c 4500 | ||
|---|---|---|---|
| 003 | BLK | ||
| 005 | 20180422112414.0 | ||
| 008 | 180409b bul|||||r ||||||| ||bul|| | ||
| 010 | _aKNG00148613000 | ||
| 040 | _aBLK | ||
| 041 |
_aBUL _cBUL |
||
| 080 |
_aБългарска литература _b821.163.2 _x-93-34 _z821.163.2-93-34 |
||
| 100 | 1 |
_aТабакова, Даря _eпърви автор _9377136 |
|
| 700 | 1 |
_aГонгалов, Иван _eхудож. _9372445 |
|
| 700 | 1 |
_aТабакова-Василева, Даря _e* _9127237 |
|
| 139 |
_aТабакова, Даря _bТ 12 |
||
| 245 | 1 | 0 |
_aЕзеро и облаче _cДаря Табакова; худож. Иван Гонгалов; * Даря Табакова-Василева. |
| 245 | 1 | 0 |
_aПриказка за избягалата нощ _bПриказки за предучилищна възраст _c |
| 257 | _aBGR | ||
| 260 |
_аСофия _bБълг. художник _c1987 |
||
| 300 |
_a14 с. _bс цв. ил. _c32 см |
||
| 380 | _aDX | ||
| 500 | _a65 120 тир. | ||
| 852 | _aЦб ІІ 18761 | ||
| 856 | 4 |
_qpdf _u |
|
| 856 | 4 |
_qpdf _u |
|
| 942 |
_cKNG _n0 |
||
| 944 |
_aCR _c06.08.2013 _l06.08.2013 - от С1,Р / 06.08.2013 _kАйшегюл_Сабриева |
||
| 944 |
_aED _c06.08.2013 _l06.08.2013 - от С1,Р / 06.08.2013 _k |
||
| 999 |
_c142520 _d142520 |
||